000 00496nam a2200181Ia 4500
001 2491
005 20260306144811.0
008 260306t2004||||xx |||||||||||||| ||spa||
041 _aESP
082 _a616.891
_bS29
100 _aSchreurs, Agneta
_eAUT
245 0 _aPsicoterapia y espiritualidad:
_bla integración de la dimensión espiritual en la práctica terapéutica
260 _c2004
300 _a430 páginas :
_c21cm.
650 _aGEN
654 _aCPS
942 _cLIB
_dJUS
_fJUS
_2ddc
_n
999 _c2491
_d2491